| 000 | 00948cam a2200277 a 4500 | ||
|---|---|---|---|
| 999 |
_c887 _d887 |
||
| 001 | 17408961 | ||
| 003 | GZU | ||
| 005 | 20200916091944.0 | ||
| 008 | 120730s2013 enka b 001 0 eng | ||
| 010 | _a 2012027245 | ||
| 020 | _a9780415508186 (hbk) | ||
| 020 | _a9780415508193 (pbk) | ||
| 020 | _a9780203125779 (ebk) | ||
| 040 |
_aDLC _cDLC _dDLC |
||
| 050 | 0 | 0 |
_aG73 _bTEA 2013 |
| 082 | 0 | 0 |
_a372.89/1 _223 |
| 245 | 0 | 0 |
_aTeaching geography creatively / _cedited by Stephen Scoffham. |
| 260 |
_aMilton Park, Abingdon, Oxon ; _aNew York : _bRoutledge, _c2013. |
||
| 300 |
_axiii, 198. : _bill. (some col.) ; _c26 cm. |
||
| 504 | _aIncludes bibliograhical references and index. | ||
| 650 | 0 |
_aGeography _xStudy and teaching (Primary) |
|
| 700 | 1 | _aScoffham, Stephen. | |
| 906 |
_a7 _bcbc _corignew _d1 _eecip _f20 _gy-gencatlg |
||
| 942 |
_2lcc _cBK _h73 _iTEA _kG |
||